Wounded men, broken promises /

Bibliographic Details
Main Author: Klein, Robert, 1941-
Format: Book
Language:English
Published: New York : London : Macmillan ; Collier Macmillan, [1981]
Subjects:

MARC

Tag First Indicator Second Indicator Subfields
LEADER 00000cam a2200000 a 4500
001 in00000086576
005 20151008064558.0
008 810609s1981 nyu 00010 eng
010 |a  81004760  
020 |a 0025639307 
035 |a (OCoLC)07422990 
035 |9 AAK4437AM 
039 0 |a 2  |b 3  |c 3  |d 3  |e 3 
040 |a DLC  |c DLC  |d VET  |d TXA  |d UtOrBLW 
043 |a n-us--- 
049 |a TXAM  |c [1362089] 
050 0 0 |a UB369  |b .K56 
082 0 |a 355.1/156/0973  |2 19 
096 |a UB 369 K56 1981 
100 1 |a Klein, Robert,  |d 1941- 
245 1 0 |a Wounded men, broken promises /  |c Robert Klein. 
264 1 |a New York :  |b Macmillan ;  |a London :  |b Collier Macmillan,  |c [1981] 
264 4 |c ©1981 
300 |a xv, 278 pages ;  |c 24 cm. 
336 |a text  |b txt  |2 rdacontent 
337 |a unmediated  |b n  |2 rdamedia 
338 |a volume  |b nc  |2 rdacarrier 
610 1 0 |a United States.  |b Veterans Administration. 
650 0 |a Veterans  |x Medical care  |z United States. 
650 2 |a Veterans  |z United States. 
650 2 |a Delivery of Health Care  |z United States. 
999 |a MARS 
999 f f |s b41b02a9-12f3-3b48-a243-7170a0edca62  |i 225d5532-852d-3af9-82be-7440d28909b0  |t 0 
952 f f |p ric  |a Texas A&M University  |b Rellis Campus  |c Joint Library Facility  |d Remote Storage  |t 0  |e UB369 .K56  |h Library of Congress classification  |i unmediated -- volume  |m A14806261122 
998 f f |a UB369 .K56  |t 0  |l Remote Storage